000 00546nam a2200181Ia 4500
999 _c28566
_d28566
003 OSt
005 20211201114937.0
008 190216s9999||||xx |||||||||||||| ||und||
020 _a8126412186
040 _coclc
082 _a637.1092
_bKUR/E
100 1 _aKurien, Verghese,
_98934
_d1921-2012
245 0 _aEnikkumoru Swapnamundayirunnu = I too had a dream /
_cVerghese Kurien.
260 _bDc Books,
_aKerala:
_c2006.
300 _a263 p
650 _aAthmakadha
942 _cBK
_2ddc
_h637.1092
_iKUR/E
_k637.1092
_mKUR/E